000 00450nam a2200169Ia 4500
008 230711s9999||||xx |||||||||||||| ||und||
020 _a978-0-367-52443-2
041 _aENG
082 _a729
_bUN-A
100 _aUnwin,Simon
245 0 _aANALYSING Architecture : the universal language of place-making
250 _a5th Ed.
260 _c2021
_aLondon
_bRoutledge Taylor & Franic Group
300 _a326p.
650 _aArchitecture
942 _cBK
999 _c6862
_d6862